MDQL
is popping MORE tags! Check the
thread
!
Quizzes
Events
Quiz Creation
Community
Videos
Private Events
Remove Ads
Sign In
Join for FREE
Feedback
Dark Mode
Quiz Categories
Sports
Geography
Music
Movies
Television
Just For Fun
Miscellaneous
History
Literature
Language
Science
Gaming
Entertainment
Religion
Holiday
For Kids
Quiz Lab
Recent
Popular Today
Quiz Kudos Today
Editor Picks
Curator Picks
Quizzes by...
Day
Popularity
Type
Ratings
Length
Year
Community
Subscriptions
Recent Discussions
Orange Saloon
Badges
Playlists
Quests
Create
Leaderboards
Showdown
Live 5
Trivia Bingo
Activity
Puzzle Library
Sporcle Events
Private Events
Virtual Trivia
Globe League
Become a Host
Pub Owners
SporcleCon
Opinionation
Our Games
Videos
Blog
Mobile Apps
Partnerships
Remove Ads and Go Orange
Feedback
Science
Computer
Plants
Astronomy
Chemistry
Elements
Math
Animal
Physics
Anatomy
Biology
Geology
General Science
Science
Computer
Plants
Astronomy
Chemistry
Elements
Math
Animal
Physics
Anatomy
Biology
Geology
General Science
Random Quiz
Search Sporcle
×
Quiz Lab
Quiz Lab
Science
anti
Type in answers that appear in a list
Type in answers that appear in a list
Classic
Best Score? Go Orange.
NSAIDS, DMARDS, Anti Gout Stats
Can you name the NSAIDS, DMARDS, Anti Gout?
By
justinhw
15m
15 Questions
10 Plays
10 Plays
10 Plays
Comments
Comments
Give Quiz Kudos
Give Quiz Kudos
-
- Ratings
hide this ad
More Info
Forced Order
Answers have to be entered in order
Answers have to be entered in order
Random Order
Randomize order of answers
Randomize order of answers
Replay
Link that replays current quiz
Next Quiz
Link to next quiz in quiz playlist
You Got
0%
They Got
Avg Score
33%
Avg Friend Score
Upgrade to see
Score Distribution
Jump to the score distribution portion of the page
Score
0/15
Timer
15:00
0
Plays Today
Year
Drug
% Correct
Biologic DMARD: monoclonal against CD20 B lymphocytes
Rituximab
80%
Anti-
gout: inhibits xanthine oxidase prevents urate formation
allopurinol
80%
Tx prophylaxis of recurrent episodes of gouty arthritis and Mediterranean fever (NSAIDs have replaced for acute gout to avoid diarrhea): inhibits microtubule polymerization, preven
colchicine
70%
Anti-
gout: prevents reabsorption of uric acid in proximal tubule.
probenecid
70%
Anti-
gout: inhibits xanthine oxidase prevents urate formation
Febuxostat
70%
Leukotriene receptor antagonist. Clinical use asthma
zafirlukast
30%
Biologic DMARD: blocks CD80 and 86, prevents T cell activation
Abatecept
20%
PGE1 agibust: Clinical use-
-
erectile dysfunction, Patent ductus arteriosus
Alprostadil
20%
Year
Drug
% Correct
inhibit formation of leukotriene (lipooxygenase inhibitor). Clinical use-
-
Asthma
zileuton
20%
PGE2 analog binds EP2 and EP3 receptors. EP3 receptor activation in uterus causes contractions. Obstetric use: cervical ripening and uterine contractions
Dinoprostone
10%
PGF2alpha analogs decrease intraocular pressure via vasoconstriction of uveasclera blood vessels
Latanoprost
10%
Pulm. Hyperten, inh. Plat. agg.
Epoprostenol
10%
Pulm. Hyperten
Treprostinil
10%
PGE1 analog (agonist to both EP2 and EP3 receptors) Gastric cytoprot., obst.-
(abortificatient), patent ductus arteriosus, asthma
Misoprostal
0%
PGF2alpha analogs decrease intraocular pressure via vasoconstriction of uveasclera blood vessels. Ophthalmology (glaucoma)
Bimatoprost
0%
Quiz Playlist
Details
Report
Send in Message
Add To Playlist
More Info:
afd
Classic:
Type in answers that appear in a list
Forced Order:
Answers have to be entered in order
Random Order:
Randomize order of answers
Last Updated: Feb 16, 2017
Quiz Scoreboard
CHALLENGE
Sign Up to Join the Scoreboard
Show All
Scores
Hide
Comments
May contain spoilers
Recently Published
Holiday 10x10 Sorting Gallery
by lukepisani3
Holiday
15m
Two Season TV Shows II
by 123Four
Television
10m
Image Sorting: Flags VI
by Barbecue
Geography
2m
More to Explore
Quiz From the Vault
Featured Blog Post
14 Easter Pick-up Lines to Find Eggs With
hide this ad
You Might Also Like...
Tags
anti
dard
Drug
Today's Top Quizzes in Science
Browse Science
hide this ad
Today's Top Quizzes in anti
Browse anti
Top Contributed Quizzes in Science
1
Mitosis Sporcle for Escape Room
2
Windmill: Elements
3
200 Vogels in Nederland
4
Glycolysis
5
Elements In Images
6
Periodic Table of Elements by Abbreviations
7
Square Numbers Scrambled (1-50)
8
Quick Pick: 'CI-CJ' Animals
9
4-letter Elementary Words III
10
The First 100 Digits of Pi
Explore More
Trending Topics
Anime
Marvel
Harry Potter
Kpop
Crossword
Disney
NBA
WWE
Pokémon
NFL
Song
Country
The Office
Soccer
Puzzle
hide this ad
More By:
justinhw
Quiz
Plays
Rating
Category
Featured
Created
NSAIDS, DMARDS, Anti Gout
10
Science
Oct 1, 2011
Go to Creator's Profile
Score Distribution
Quiz Creator Spotlight
justinhw
Follow
Send a Message
Quizzes Created
-
Created Quiz Play Count
-
More By This Creator
Popular Quizzes Today
1
Find the US States - No Outlines Minefield
2
Colored Red Africa Blitz
3
Find the 'City' Movie
4
The Countries of the World
5
5x2 Blitz: Bands
6
Find the Countries of Europe - No Outlines Minefield
7
Find the US States
8
US States
More Science Quizzes
British Garden Birds
Curator's Pick
Trending Quizzes
Colored Red Europe Blitz I
Colored Red Europe Blitz II
Colored Red Africa Blitz II
Even More Two Season TV Shows
Colored Red Africa Blitz III
Recently Updated
Odd Team Out - Big 4 Players
pecheneg
Quick Pick: 20 Twenties
pecheneg
March Madness Men's Triple Doubles
pecheneg
How Do You Spell That?
pecheneg
Godzilla Movies
pecheneg
Grab Bag: 4-10 Letters
pecheneg
2024 March Madness Bracket
pecheneg
Famous TV Couples
Peacemaker
Champions League XIs: Real Madrid
pecheneg
Largest US Cities 1790-2010
pecheneg
Trending Topics
Marvel
Disney
Anime
Crossword
NBA
Kpop
Harry Potter
NFL
Pokémon
WWE
Song
The Office
Country
Soccer
Puzzle
Your Account Isn't Verified!
In order to create a playlist on Sporcle, you need to verify the email address you used during registration. Go to your
Sporcle Settings
to finish the process.
Report this User
Report this user for behavior that violates our
Community Guidelines
.
Details:
Send Report
Go to the Sporcle.com Mobile Site →
Comments